000 00597nam a2200205Ia 4500
008 220216s9999 xx 000 0 und d
100 _aSamarappuli L
245 0 _aMucuna bracteata: Ideal cover crop for efficient soil and water management in rubber cultivation
260 _bTropical Agricultural Research and Extension
_c2003
300 _a85-90
500 _aSource Year: 2006
650 _aCover crop
650 _aMucuna bracteata
650 _aSoil water management
700 _aKarunadasa P
700 _aMitrasena U
700 _aShantha N
856 _uCAB CD
942 _cJS
999 _c63323
_d63323